Carmelo Arden Quin, en la trama del arte constructivo.
Αποθηκεύτηκε σε:
| Κύριος συγγραφέας: | |
|---|---|
| Άλλοι συγγραφείς: | , , |
| Μορφή: | Βιβλίο |
| Έκδοση: |
Ciudad Autónoma de Buenos Aires,
Ministerio de Cultura de la Nación,
2022.
|
| Θέματα: | |
| Ετικέτες: |
Προσθήκη ετικέτας
Δεν υπάρχουν, Καταχωρήστε ετικέτα πρώτοι!
|
MARC
| LEADER | 00000nam a22000007a 4500 | ||
|---|---|---|---|
| 003 | CL-VaPUC | ||
| 005 | 20230505085530.0 | ||
| 008 | 230420t2022 ||||| |||| 00| 0 eng d | ||
| 999 | |c 440574 |d 440572 | ||
| 020 | |a 978-987-8915-54-8 | ||
| 040 | |c Pontificia Universidad Católica de Valparaíso | ||
| 082 | |a 730.92 DUP 2022 | ||
| 100 | 1 | |a Duprat, Andrés |e textos |9 881628 | |
| 245 | |a Carmelo Arden Quin, en la trama del arte constructivo. | ||
| 260 | |a Ciudad Autónoma de Buenos Aires, |b Ministerio de Cultura de la Nación, |c 2022. | ||
| 300 | |a 340 páginas. | ||
| 500 | |a c.1 Donación Memo ARQ N° 1/2023 | ||
| 583 | |c 20230420 |k Catalogador Asistente | ||
| 600 | |a Arden Quin, Carmelo, |d 1913-2010 |q (Carmelo Heriberto Alves) |x Pintura y escultura |z Uruguay |9 881815 | ||
| 650 | |a Artes plásticas |9 268637 |z Uruguay | ||
| 700 | |a Rossi, María Cristina |e textos y curadora |9 881629 | ||
| 700 | |a Lemoine, Serge |e textos |9 881630 | ||
| 700 | |a Barisone, Ornela |e textos |9 881631 | ||
| 942 | |2 ddc |c BK | ||
| 952 | |0 0 |1 0 |2 ddc |4 0 |6 730_920000000000000_DUP_2022 |7 0 |8 A |9 589717 |a BIBARQ |b BIBARQ |d 2023-04-20 |e Donación |i 5657213 |l 2 |m 2 |o 730.92 DUP 2022 |p 5657213 |r 2025-01-20 |s 2023-06-22 |t 1 |w 2023-04-20 |y BK |k ARQ | ||